Riadenie nákladov v podniku

Problematika riadenia nákladov, predpoklady znižovania nákladov v podniku. Pojem náklady z troch základných hľadísk – z pohľadu finančného účtovníctva, z daňového hľadiska a z pohľadu vnútropodnikového účtovníctva. Analýzy, ktoré je potrebné vykonať pred plánovaným znižovaním nákladov v akomkoľvek p...

ver descrição completa

Na minha lista:
Detalhes bibliográficos
Autor principal: Meheš, Marek
Formato: Capítulo de Livro
Idioma:eslovaco
Assuntos:
Tags: Adicionar Tag
Sem tags, seja o primeiro a adicionar uma tag!

MARC

LEADER 00000naa a2200000 4500
001 0261342
005 20240502074143.1
041 0 |a slo 
044 |a SK 
245 1 0 |a Riadenie nákladov v podniku 
520 |a Problematika riadenia nákladov, predpoklady znižovania nákladov v podniku. Pojem náklady z troch základných hľadísk – z pohľadu finančného účtovníctva, z daňového hľadiska a z pohľadu vnútropodnikového účtovníctva. Analýzy, ktoré je potrebné vykonať pred plánovaným znižovaním nákladov v akomkoľvek podniku. 
610 2 0 |a náklady 
610 2 0 |a riadenie 
610 2 0 |a znižovanie nákladov 
610 2 0 |a podnik 
100 1 |a Meheš, Marek